000 00661nam a2200193 4500
001 122386
003 ES-MaACL
005 20250904063057.0
007 t|
008 070214s1925 sp r ||||1| spa d
100 1 _aPrieto y Vives, Antonio,
_d1870-1939
_9151036
245 1 3 _aEl puente romano de Alconetar /
_cAntonio Prieto Vives.
260 _a[S. l.] :
_b[s. n.],
_c1925.
300 _a12 p. :
_bil. ;
_c28 x 20 cm.
490 1 _aDel `Archivo Español de Arte y Arqueología`, nº II, 1925, pp. 147 - 158
830 0 0 _aArchivo español de arte y arqueología
_9181041
852 _aES-MaACL
_j1692-F-21
_bR.5445
999 _c122386
_d122386